000
00297nam a22001337a 4500
008
170207b xxu||||| |||| 00| 0 eng d
020
_a
9780742541719
041
_a
eng
080
_a
61
100
_a
4
101
_a
SHM
245
_a
SMART MICE NOT SMART PEOPLE
_c
ARTHUR CAPLAN
942
_2
udc
_c
BK
999
_c
4816
_d
4816